000 00335nam a2200145Ia 4500
008 230718s9999 xx 000 0 und d
041 _aEng.
082 _a346.04
_bKHA-L
100 _aKhan,CH SUBHAN
245 0 _aLand revemew act 1967
260 _aPakistan
_bManzoor law book
_c2013
300 _a37
650 _aLaw
999 _c30240
_d30240